| 000 | 00621nam a22001817a 4500 | ||
|---|---|---|---|
| 005 | 20241114104027.0 | ||
| 008 | 241113b |||||||| |||| 00| 0 eng d | ||
| 020 | _a9786218035843 | ||
| 082 | _aDFil 375.001 D377 2020 | ||
| 100 |
_aDe Leon, Elmer B. _946406 |
||
| 245 |
_aBuilding and enhancing new literacies across the curriculum / _cElmer B. De Leon. |
||
| 260 |
_aQuezon City : _bLorimar Publishing Inc., _c©2020 |
||
| 300 |
_axiv, 202 pages : _billustrations ; _c25 cm. |
||
| 500 | _aIncludes references. | ||
| 650 | 0 |
_aCurriculum planning. _964128 |
|
| 650 | 0 |
_aCurriculum development. _964129 |
|
| 942 |
_2ddc _cDFIL |
||
| 999 |
_c23195 _d23195 |
||